000 00574cam a2200217ua 4500
001 6413
005 20260515114039.0
008 140510n ii |||gr||||Z||||||eng
020 _a81-8387-067-8
040 _cMAIN
082 _a338.7
245 _aWTO and intellectual property rights
_cBy Talwar sabanna
250 _a1st ed.
260 _aNew delhi:
_bSerials publications,
_c2007.
300 _avii,241p.
653 _aProduction
653 _aWorld trade organization
653 _aIntellectual property right
700 _aSabanna,Talwar,
_eAuthor.
942 _cBK
999 _c5557
_d5557